000 01131cam a2200289 a 4500
999 _c2193
_d2193
003 OSt
005 20210707072858.0
008 940413s1995 paua b 001 0 eng c
020 _a0397551134
040 _cDLC
050 0 0 _aRG951
_b.P637 1995
100 1 _aPillitteri, Adele.
245 1 0 _aMaternal & child health nursing :
_bcare of the childbearing and childrearing family /
_cAdele Pillitteri.
250 _a2nd ed.
260 _aPhiladelphia :
_bLippincott,
_cc1995.
300 _axi, 1895 p. :
_bill. ;
_c28 cm. +
_e1 computer disk (3 1/2 in.)
500 _aSystem requirements for computer disk: IBM-compatible PC; DOS 3.0 or higher.
504 _aIncludes bibliographical references and index.
650 0 _aMaternity nursing.
650 0 _aPediatric nursing.
650 0 _aFamily nursing.
650 2 _aMaternal-Child Nursing.
650 2 _aFamily Health.
906 _a7
_bcbc
_corignew
_d1
_eocip
_f19
_gy-gencatlg
942 _2lcc
_cBK
_nMM